MDQL
is popping MORE tags! Check the
thread
!
Quizzes
Events
Quiz Creation
Community
Videos
Private Events
Remove Ads
Sign In
Join for FREE
Feedback
Dark Mode
Quiz Categories
Sports
Geography
Music
Movies
Television
Just For Fun
Miscellaneous
History
Literature
Language
Science
Gaming
Entertainment
Religion
Holiday
For Kids
Quiz Lab
Recent
Popular Today
Quiz Kudos Today
Editor Picks
Curator Picks
Quizzes by...
Day
Popularity
Type
Ratings
Length
Year
Community
Subscriptions
Recent Discussions
Orange Saloon
Badges
Playlists
Quests
Create
Leaderboards
Showdown
Live 5
Trivia Bingo
Activity
Puzzle Library
Sporcle Events
Private Events
Virtual Trivia
Globe League
Become a Host
Pub Owners
SporcleCon
Opinionation
Our Games
Videos
Blog
Mobile Apps
Partnerships
Remove Ads and Go Orange
Feedback
Sports
Athletes
MLB
NBA
NHL
NFL
Soccer
Sports Teams
WWE
NCAA
Football
Premier League
Basketball
Baseball
Hockey
Golf
Tennis
Cricket
Rugby
Auto Racing
Olympics
World Cup
Sports
Athletes
MLB
NBA
NHL
NFL
Soccer
Sports Teams
WWE
NCAA
Football
Premier League
Basketball
Baseball
Hockey
Golf
Tennis
Cricket
Rugby
Auto Racing
Olympics
World Cup
Random Quiz
Search Sporcle
×
Quiz Lab
Quiz Lab
Sports
Tennis
Type in answers that appear in a list
Type in answers that appear in a list
Classic
Best Score? Go Orange.
Australian Open 2019 players (Women's Singles) Stats
Can you name the female players who entered the main draw of Australian Open 2019?
By
minhnguyen
15m
128 Questions
301 Plays
301 Plays
301 Plays
Comments
Comments
Give Quiz Kudos
Give Quiz Kudos
-
- Ratings
hide this ad
Replay
Link that replays current quiz
Next Quiz
Link to next quiz in quiz playlist
You Got
0%
They Got
Avg Score
73%
Avg Friend Score
Upgrade to see
Score Distribution
Jump to the score distribution portion of the page
Score
0/128
Timer
15:00
0
Plays Today
Status
Player
% Correct
Champion (seed no.4)
Naomi Osaka
98.7%
Quarter-
finalist (seed no.16)
Serena Williams
97.6%
Third round out
Venus Williams
97.6%
Runner-
up (seed no.8)
Petra Kvitová
97.3%
Quarter-
finalist (seed no.15)
Ashleigh Barty
97.3%
Fourth round out (seed no.1)
Simona Halep
97.3%
Fourth round out (seed no.2)
Angelique Kerber
97.3%
Semi-
finalist (seed no.7)
Karolína Plíšková
97%
Quarter-
finalist (seed no.6)
Elina Svitolina
96.6%
Fourth round out (seed no.5)
Sloane Stephens
96.6%
Second round out
Kristýna Plíšková
96.6%
Fourth round out (seed no.17)
Madison Keys
96.3%
Third round out (seed no.3)
Caroline Wozniacki
95.6%
Fourth round out (seed no.18)
Garbiñe Muguruza
95.3%
Third round out (seed no.12)
Elise Mertens
94.9%
Third round out (seed no.19)
Caroline Garcia
94.9%
Semi-
finalist
Danielle Collins
94.6%
Third round out (seed no.11)
Aryna Sabalenka
94.6%
Second round out
Johanna Konta
94.6%
Third round out
Belinda Bencic
93.6%
Second round out (seed no.9)
Kiki Bertens
93.3%
Fourth round out (seed no.13)
Anastasija Sevastova
92.9%
Third round out (seed no.27)
Camila Giorgi
92.3%
Third round out (seed no.28)
Su-wei Hsieh
92.3%
Third round out
Maria Sakkari
92.3%
Third round out (seed no.21)
Qiang Wang
91.9%
Second round out
Yafan Wang
91.9%
First round out
Victoria Azarenka
91.6%
Third round out
Shuai Zhang
91.2%
Second round out (seed no.20)
Anett Kontaveit
91.2%
First round out (seed no.22)
Jeļena Ostapenko
91.2%
Fourth round out (seed no.30)
Maria Sharapova
90.9%
Second round out (seed no.23)
Carla Suárez Navarro
90.9%
Quarter-
finalist
Anastasia Pavlyuchenkova
89.9%
First round out (seed no.14)
Julia Görges
89.2%
Second round out
Eugenie Bouchard
87.9%
Second round out (seed no.29)
Donna Vekić
87.5%
First round out (seed no.10)
Daria Kasatkina
86.9%
First round out
Samantha Stosur
86.9%
First round out
Saisai Zheng
86.9%
First round out
Monica Puig
86.9%
First round out
Kaia Kanepi
85.9%
First round out
Kristina Mladenovic
85.9%
Status
Player
% Correct
Third round out (seed no.31)
Petra Martić
85.2%
Second round out (seed no.24)
Lesia Tsurenko
85.2%
First round out (seed no.26)
Dominika Cibulková
85.2%
Second round out
Irina-Camelia Begu
84.2%
First round out (seed no.32)
Barbora Strýcová
83.8%
Third round out
Aliaksandra Sasnovich
83.2%
Second round out
Yulia Putintseva
82.8%
Second round out
Alizé Cornet
82.5%
Second round out
Tímea Babos
82.2%
Second round out
Bianca Andreescu
81.5%
Fourth round out
Amanda Anisimova
80.8%
Third round out
Timea Bacsinszky
80.1%
First round out (seed no.25)
Mihaela Buzărnescu
80.1%
First round out
Daria Gavrilova
79.5%
First round out
Heather Watson
78.8%
Second round out
Johanna Larsson
78.5%
First round out
Sorana Cîrstea
78.5%
Third round out
Dayana Yastremska
78.1%
First round out
Magda Linette
77.8%
First round out
Ons Jabeur
77.4%
First round out
Monica Niculescu
77.1%
First round out
Alison Van Uytvanck
76.8%
First round out
Andrea Petkovic
75.4%
Second round out
Beatriz Haddad Maia
75.1%
Second round out
Rebecca Peterson
74.7%
First round out
Ekaterina Makarova
74.7%
First round out
Kirsten Flipkens
74.7%
First round out
Polona Hercog
74.7%
Second round out
Katie Boulter
73.4%
First round out
Zarina Diyas
73.1%
Second round out
Sofia Kenin
72.4%
First round out
Shuai Peng
71.7%
First round out
Pauline Parmentier
71.7%
First round out
Luksika Kumkhum
71.4%
First round out
Ajla Tomljanović
71%
First round out
Kateřina Siniaková
71%
First round out
Alison Riske
70.4%
First round out
Harriet Dart
67.3%
Second round out
Aleksandra Krunić
66.3%
First round out
Misaki Doi
65.3%
First round out
Taylor Townsend
65.3%
Second round out
Laura Siegemund
65%
First round out
Mona Barthel
65%
Status
Player
% Correct
First round out
Vera Lapko
65%
First round out
Stefanie Vögele
64.6%
First round out
Magdaléna Rybáriková
64.6%
Second round out
Markéta Vondroušová
63.6%
First round out
Tatjana Maria
63%
First round out
Viktorija Golubic
63%
Second round out
Iga Świątek
62%
Second round out
Madison Brengle
60.3%
First round out
Fiona Ferro
60.3%
First round out
Sara Sorribes Tormo
60.3%
Second round out
Viktória Kužmová
59.9%
First round out
Lara Arruabarrena
59.6%
First round out
Anna Karolína Schmiedlová
58.2%
First round out
Ekaterina Alexandrova
58.2%
Second round out
Astra Sharma
56.9%
First round out
Kateryna Kozlova
56.6%
Second round out
Anastasia Potapova
56.2%
First round out
Ana Bogdan
56.2%
First round out
Lin Zhu
55.2%
First round out
Destanee Aiava
55.2%
Second round out
Tamara Zidanšek
54.5%
First round out
Varvara Lepchenko
53.9%
Second round out
Sachia Vickery
53.2%
First round out
Karolína Muchová
53.2%
First round out
Bernarda Pera
51.2%
First round out
Priscilla Hon
50.2%
Third round out
Kimberly Birrell
49.8%
First round out
Evgeniya Rodina
49.5%
First round out
Veronika Kudermetova
48.8%
First round out
Anna Blinkova
47.1%
Second round out
Natalia Vikhlyantseva
46.8%
First round out
Dalila Jakupović
46.8%
First round out
Ysaline Bonaventure
46.5%
Second round out
Margarita Gasparyan
45.1%
First round out
Bethanie Mattek-Sands
41.8%
First round out
Anna Kalinskaya
40.4%
First round out
Jessika Ponchet
40.4%
First round out
Paula Badosa Gibert
40.4%
First round out
Ellen Perez
38%
First round out
Clara Burel
34.3%
First round out
Whitney Osuigwe
32.3%
Second round out
Zoe Hives
31%
Quiz Playlist
Details
Report
Send in Message
Add To Playlist
Classic:
Type in answers that appear in a list
Last Updated: Jan 26, 2019
Quiz Scoreboard
CHALLENGE
Sign Up to Join the Scoreboard
Show All
Scores
Hide
Comments
May contain spoilers
Recently Published
1-10 Letter E Words III
by El_Dandy
Language
2m
Street Fighter Characters
by Artimus82
Gaming
60s
College Basketball Coaching Resumes
by pancakes188
Sports
9m
More to Explore
Quiz From the Vault
Featured Blog Post
Where Did the Easter Bunny Come From?
hide this ad
You Might Also Like...
Tags
Tennis Quiz
2019
Australia
Australian Open
Grand Slam
name
Women's Tennis
WTA Players
WTA Singles
Today's Top Quizzes in Sports
Browse Sports
hide this ad
Today's Top Quizzes in Tennis
Browse Tennis
Top Contributed Quizzes in Sports
1
2022 World Cup Stars
2
Les meilleurs buteurs des matchs entre le PSG et l’OM
3
FIFA Club World Cup Champions
4
Les entraîneurs de l'OM et du PSG au 21e siècle
5
Criteria MLB: Left Handed Sluggers
6
2023 MLB Unique Player Accomplishments
7
AFC Teams Reveal (Wrong Answers Minefield)
8
Players with Multiple 50 Home Run Seasons
9
5-to-1: FBS Animal Nicknames
10
5-to-1: UK Sports Teams
Explore More
Trending Topics
NBA
Harry Potter
Marvel
Kpop
Disney
Anime
Crossword
Pokémon
Puzzle
Country
WWE
The Office
NFL
Song
Soccer
hide this ad
More By:
minhnguyen
Quiz
Plays
Rating
Category
Featured
Created
Color-Swapped Flags
69,157
4.81
Geography
Mar 1, 2020
FIFA World Cup 2018: Full results by Flags
15,033
4.55
Sports
Jul 15, 2018
Premier League Logos with Green Cover
9,875
4.68
Sports
Apr 6, 2019
Get the Picture: FIFA Member or Not?
2,500
4.52
Just For Fun
Apr 23, 2019
Countries with a Red and Yellow Flag
1,993
4.38
Geography
Jun 25, 2018
Go to Creator's Profile
Score Distribution
Quiz Creator Spotlight
minhnguyen
Follow
Send a Message
Quizzes Created
-
Created Quiz Play Count
-
More By This Creator
Popular Quizzes Today
1
Find the US States - No Outlines Minefield
2
Find the Countries of Europe - No Outlines Minefield
3
The Countries of the World
4
Find the US States
5
Risky Map Clicking: Biggest States A-Z
6
US States
7
Popular People in 1961
8
Movies - When Are They Set?
More Sports Quizzes
MLB All-Star Catchers (NL)
Published
Trending Quizzes
Risky Map Clicking: Least Populous States A-Z
Billboard Blitz: Aretha Franklin
Famous Russians: Author or Composer?
Countries of the World: 200 Million BC
1-10 Letter G Words
Recently Updated
Leaping Animals
pecheneg
Reality TV Shows (A-Z)
bhenderson79
Rickey Henderson's Hall of Fame Teammates
pecheneg
Champions League XIs: Arsenal
pecheneg
Quick Pick: Celebrities in WWE's Hall of Fame
aduchscher
A-Z Keypad Blitz II
pecheneg
Multiple Oscar Actors
pecheneg
Mystery Phrase Blitz: Oscar 'Best Actors'
pecheneg
F. Scott Fitzgerald Novels
LTH
Pick 3 Villains
ddd62291
Trending Topics
Kpop
Marvel
Harry Potter
NBA
Anime
Disney
Crossword
The Office
Country
Pokémon
NFL
WWE
Song
Soccer
Puzzle
Your Account Isn't Verified!
In order to create a playlist on Sporcle, you need to verify the email address you used during registration. Go to your
Sporcle Settings
to finish the process.
Report this User
Report this user for behavior that violates our
Community Guidelines
.
Details:
Send Report
Go to the Sporcle.com Mobile Site →
Comments